O láske.../inc./ Päť zbierok prevažne o láske

Podrobná bibliografia
Hlavný autor: Plutko, Pavol, 1934-2015 (Autor)
Médium: Článok
Jazyk:slovenčina
Fyzický popis:Nedeľa, Príloha Nového slova, č. 4, s. 7.
Predmet:

MARC

LEADER 00000nab a2200000 a 4500
001 vtls000127668
003 SK-MaSNL
005 20260304013633.0
008 240424c1982 xo 0 slo
015 |a SNBRB19rr/mm-uuuuu 
035 |a CL0137773 
040 |a SNKBUCL  |b slo  |c SNKBUCL  |e AACR2 
041 0 |a slo 
044 |a xo  |c SK 
080 |a 82.09:885.4-1(048)  |2 1981 
080 |a 885.4-1(048)  |2 1981 
100 1 |a Plutko, Pavol,  |d 1934-2015  |4 aut  |9 105423 
245 1 0 |a O láske.../inc./  |b Päť zbierok prevažne o láske  |c Pavol Plutko 
300 |b Nedeľa, Príloha Nového slova, č. 4, s. 7. 
500 |a V rubrike Panoráma. 
650 0 7 |a lyrická poézia  |2 snkbucl  |9 1282 
650 0 7 |a slovenská poézia  |2 snkbucl  |9 215422 
655 7 |a recenzie  |2 snkbucl  |9 21907 
655 7 |a články z novín a časopisov  |2 snkbucl  |9 267496 
773 0 |t Nové slovo  |g Roč. 24, č. 22 (1982) 
787 0 8 |i Rec.:  |a Majerník, Ján  |t Za svetlom v okne  |d Bratislava : Slovenský spisovateľ, 1982 
850 |a Slovenská národná knižnica 
852 |a Slovenská národná knižnica 
958 |a LX 
958 |a RK 
992 |a RBX 
999 |c 2576945  |d 2578875